000
00299nam a2200109Ia 4500
008
200302s9999 xx 000 0 und d
100
_a
J. M. Rogers
245
_a
The Topkapi Saray Museum Architecture the Harem & Other Buildings
260
_b
Little Brown and Co.
260
_c
1988
300
_a
216 P.,
999
_c
1302
_d
1302